000 00382nas a2200157 a 4500
001 45647
003 115138
005 20201118102111.0
008 ||||||n9999 ||| || ||
041 _aeng
245 0 _aHarvard Business Review - Vol.71 No.1
260 _aEstados Unidos :
_bHARVA,
_c1993.
562 _e0
773 _045538
_aHarvard Business Review
942 _cSISS
999 _c45647
_d45647